<A> Radicals Guide to Economic Reality

Guardado en:
Detalles Bibliográficos
Autor principal: Black, Angus
Formato: Libro
Lenguaje:inglés
Publicado: New York Rinehart and Winston 1970
Edición:1. ed.
Etiquetas: Agregar Etiqueta
Sin Etiquetas, Sea el primero en etiquetar este registro!

MARC

LEADER 00000nam a2200000 4500
001 c033489
005 20221220102557.6
041 0 |a eng 
044 |a US 
245 1 0 |a <A> Radicals Guide to Economic Reality  |c Angus Black 
250 |a 1. ed. 
264 1 |a New York  |b Rinehart and Winston  |c 1970 
300 |a 87 s. 
100 1 |a Black, Angus